Movies Quiz

Random Movies or Actor Quiz

Top Box-Office Stars of All-Time Quiz Stats

 Plays Quiz Updated Feb 20, 2019

Support Sporcle.
Go Orange.
Score 0/103 Timer 15:00
4 Plays Today
Rank Actor % Correct
3Tom Cruise
84%
6Tom Hanks
79.8%
45Brad Pitt
77.9%
33Will Smith
73.2%
11Harrison Ford
71.3%
15Julia Roberts
69.1%
29George Clooney
65.7%
67Al Pacino
64.8%
29Leonardo DiCaprio
64.7%
69Glenn Ford
63.9%
86Meryl Streep
62.5%
57Matt Damon
61.4%
64Marlon Brando
59.9%
2Clint Eastwood
58.7%
1John Wayne
57.5%
41Humphrey Bogart
57.4%
75Angelina Jolie
57.1%
42Jack Nicholson
56.9%
20James Stewart
56.8%
37Denzel Washington
56.8%
7Clark Gable
54.9%
20Johnny Depp
54.8%
31Sylvester Stallone
54.6%
92Bruce Willis
54.4%
84Marilyn Monroe
54.2%
16Cary Grant
53.1%
35Dustin Hoffman
51.5%
31Robert Redford
51.4%
10Paul Newman
51.3%
27Robin Williams
51%
44Sean Connery
50.9%
34Arnold Schwarzenegger
48.9%
80Bette Davis
48.6%
18Eddie Murphy
48.3%
14Mel Gibson
47.4%
Rank Actor % Correct
62Adam Sandler
47.3%
42John Travolta
46.6%
22Dean Martin
46.2%
24Elizabeth Taylor
46.1%
49Michael Douglas
45.9%
92Dudley Moore
45.6%
51Jane Fonda
45.1%
36Jim Carrey
44.9%
57Frank Sinatra
44.5%
70Robert Taylor
42.6%
52Sandra Bullock
42%
52Robert Downey Jr.
40.9%
75*Fred Astaire and Ginger Rogers
40.6%
61Woody Allen
40.2%
8Burt Reynolds
40.2%
100Debbie Reynolds
39.3%
11Jerry Lewis
39%
70Nicole Kidman
38.4%
47Kevin Costner
38%
88Van Johnson
37.8%
4Gary Cooper
37.7%
99Will Ferrell
36.6%
65Russell Crowe
36.2%
13Doris Day
36%
19Rock Hudson
35.5%
26Spencer Tracy
35%
49Julie Andrews
34.9%
5Bing Crosby
34.2%
100Richard Gere
34.1%
70Michael J. Fox
34%
97Mike Myers
33.6%
38Jack Lemmon
33.4%
46Elvis Presley
32.1%
28Steve McQueen
32%
9Bob Hope
31.9%
Rank Actor % Correct
22Barbra Streisand
31.7%
75Sidney Poitier
31.6%
83Richard Burton
31.3%
57James Cagney
31.3%
84Reese Witherspoon
29.7%
55Joan Crawford
29.3%
38Shirley Temple
28.6%
79Ingrid Bergman
28.5%
54Will Rogers
28%
24*Abbott & Costello
27.3%
40Mickey Rooney
27.2%
92George C. Scott
23.9%
88Randolph Scott
23.7%
92Whoopi Goldberg
23.5%
47William Holden
23.3%
97Joe E. Brown
22.8%
17Betty Grable
22.3%
70Charles Bronson
21.9%
91Mel Brooks
21.8%
100Macaulay Culkin
20.2%
62Lee Marvin
20%
100Dolly Parton
18.9%
75Sandra Dee
17.8%
55Greer Garson
17.7%
92Claudette Colbert
17.3%
80Gene Autry
16.9%
86Alan Ladd
16.8%
80Tyrone Power
16.1%
67Marie Dressler
15.7%
70Paul Hogan
15.7%
57Wallace Beery
15%
66Janet Gaynor
13.8%
88Sonja Henie
13.6%

From the Vault

True or False Blitz: Geography

by Smeddlesboy

Hey, at least you've got a fifty-fifty shot.
Remove Ads.
Support Sporcle.
Get the best of Sporcle when you Go Orange. This ad-free experience offers more features, more stats, and more fun while also helping to support Sporcle. Thank you for becoming a member.

Show Comments

Extras

Top Quizzes Today


Score Distribution

Your Account Isn't Verified!

In order to create a playlist on Sporcle, you need to verify the email address you used during registration. Go to your Sporcle Settings to finish the process.

Report this User

Report this user for behavior that violates our Community Guidelines.

Details: